| 000 | 01003cam a22003014a 4500 | ||
|---|---|---|---|
| 001 | 1397 | ||
| 005 | 20230823150017.0 | ||
| 008 | 020619s2004 nyua b 000 0 eng | ||
| 020 | _a0689854412 (pbk.) | ||
| 020 | _a0689854404 (library ed.) | ||
| 040 |
_aDLC _cDLC _dDLC _beng |
||
| 050 | 0 | 0 |
_aQC921.35 _b.B38 2004 |
| 082 | 0 | 0 |
_a551.57/6 _221 |
| 100 | 1 | _aBauer, Marion Dane. | |
| 245 | 1 | 0 |
_aClouds / _cwritten by Marion Dane Bauer ; illustrated by John Wallace. |
| 250 | _aFirst Scholastic printing, February 2005 | ||
| 260 |
_aNew York : _bScholastic, _c2004. |
||
| 300 |
_a32 pages : _bcolor illustrations ; _c24 cm. |
||
| 505 | _aF | ||
| 520 | _aIllustrations and simple text explain three types of clouds, stratus, cumulus, and cirrus. | ||
| 521 |
_a390
_bLexile |
||
| 521 |
_aF
_bRaz-Plus |
||
| 650 | 0 |
_aClouds _vJuvenile literature. |
|
| 650 | 1 | _aClouds. | |
| 700 | 1 |
_aWallace, John, _d1966- _eillustrator |
|
| 906 |
_a7 _bcbc _corignew _d1 _eecip _f20 _gy-gencatlg |
||
| 942 |
_2ddc _cBK _n0 |
||
| 999 |
_c1397 _d1397 |
||